POWER PLAY (Record no. 10302)

MARC details
000 -LEADER
fixed length control field 00337nam a22001457a 4500
003 - CONTROL NUMBER IDENTIFIER
control field SGT
020 ## - INTERNATIONAL STANDARD BOOK NUMBER
International Standard Book Number 9788125017455
082 ## - DEWEY DECIMAL CLASSIFICATION NUMBER
Classification number 340,MEH
100 ## - MAIN ENTRY--PERSONAL NAME
Personal name MEHTA,ABHAY.
245 ## - TITLE STATEMENT
Title POWER PLAY
Remainder of title A STUDY OF THE ENRON PROJECT
260 ## - PUBLICATION, DISTRIBUTION, ETC. (IMPRINT)
Place of publication, distribution, etc HYDERABAD
Name of publisher, distributor, etc ORIENT LONGMAN LIMITED
Year of Publication 2000
300 ## - PAGE DESCRIPTION
No. of Pages 226
650 ## - SUBJECT ADDED ENTRY--TOPICAL TERM
Topical term or geographic name as entry element LAW BOOKS
942 ## - ADDED ENTRY ELEMENTS (KOHA)
Source of classification or shelving scheme Dewey Decimal Classification
Koha item type Books
Holdings
Withdrawn status Lost status Source of classification or shelving scheme Damaged status Not for loan Collection code Home library Current library Shelving location Date acquired Vendor Name SGTU Full call number Accession No. (Barcode) Date last seen Bill Date Koha item type
    Dewey Decimal Classification   Not For Loan LAW SGT Science & Social Sciences Library SGT Science & Social Sciences Library Reference Book 21/12/2016 GIFT SGTU 340,MEH FL865 21/12/2016 21/12/2016 Books